000 00666nam a2200181 a 4500
001 000251837
003 AM-YeHGA
005 20250618071705.0
008 030801s1934 ai 000 | arm d
040 _aAM-YeHGA
245 1 0 _aՄետելիցա /
_cԱ.Ա Ֆադեև; Թարգմ.՝ Վ.. Ավագյան.
260 _aՌոստով-Դոն :
_bԱզով-Սևծովյան երկրային հրատ,
_c1934.
300 _a27 էջ :
_bնկ. ;
_c28 սմ.
440 0 _aՆոր սկսնակ ընթերցողի գրադարան
650 1 4 _aՌուս գրականություն
_xՊատմվածք
_94645
700 1 _aԱվագյան, Վահ.
_eթարգմ.
_4trl
090 _c91593
999 _c90302
_d90302